000 00308nam a2200121Ia 4500
008 230627s9999 xx 000 0 und d
041 _aeng
082 _a345.05
_bMIS
100 _aMisra S. N
245 _aCode Of Criminal Procedure
250 _a10ed.
260 _aAllahabad
_bCentral Law Publications
_c2001
999 _c702587
_d702587